Bridge calculation and design, (Record no. 547247)
[ view plain ]
| 000 -LEADER | |
|---|---|
| fixed length control field | 00550cam a22001691 4500 |
| 082 ## - DEWEY DECIMAL CLASSIFICATION NUMBER | |
| Classification number | 624.25 |
| Author Mark | HIL |
| -- | L-38, P-110 |
| 100 1# - MAIN ENTRY--PERSONAL NAME | |
| Personal name | Hill, David Young, |
| 9 (RLIN) | 43436 |
| 245 10 - TITLE STATEMENT | |
| Title | Bridge calculation and design, |
| Remainder of title | for steel bridges. |
| 250 ## - EDITION STATEMENT | |
| Edition statement | [2d ed., rev.] |
| 260 ## - PUBLICATION, DISTRIBUTION, ETC. | |
| Place of publication, distribution, etc. | London, |
| Name of publisher, distributor, etc. | C. Griffin |
| Date of publication, distribution, etc. | [1962] |
| 300 ## - PHYSICAL DESCRIPTION | |
| Extent | viii, 296 p. |
| Other physical details | illus., diagrs. (part fold.) tables. |
| Dimensions | 23 cm. |
| 526 ## - STUDY PROGRAM INFORMATION NOTE | |
| Program name | 0 |
| Interest level | 0 |
| Reading level | 0 |
| Title point value | 624_250000000000000_HIL |
| 650 #0 - SUBJECT ADDED ENTRY--TOPICAL TERM | |
| Topical term or geographic name entry element | Bridges |
| General subdivision | Design and construction. |
| 9 (RLIN) | 801 |
| 650 #0 - SUBJECT ADDED ENTRY--TOPICAL TERM | |
| Topical term or geographic name entry element | Iron and steel bridges. |
| 650 #0 - SUBJECT ADDED ENTRY--TOPICAL TERM | |
| Topical term or geographic name entry element | MCE |
| 9 (RLIN) | 379 |
| 942 ## - ADDED ENTRY ELEMENTS (KOHA) | |
| Source of classification or shelving scheme | |
| Koha item type | Book |
| Withdrawn status | Lost status | Source of classification or shelving scheme | Damaged status | Not for loan | Permanent Location | Current Location | Date acquired | Total Checkouts | Full call number | Barcode | Date last seen | Date last checked out | Price effective from | Koha item type |
|---|---|---|---|---|---|---|---|---|---|---|---|---|---|---|
| Military College of Engineering (MCE) | Military College of Engineering (MCE) | 07/07/2014 | 1 | 624.25 HIL | MCE-29734 | 03/12/2020 | 03/05/2020 | 07/07/2014 | Book |
